[Event "Bilbao"]
[Site "Bilbao"]
[Date "1987.??.??"]
[Round "?"]
[White "Izeta Txabarri, Felix"]
[Black "Ljubojevic, Ljubomir"]
[Result "0-1"]
[WhiteElo "2380"]
[BlackElo "2620"]

1.d4 Nf6 2.c4 e6 3.Nc3 d5 4.cxd5 exd5 5.Bg5 c6 6.e3 Be7 7.Bd3 O-O 8.Qc2 g6
9.Nge2 Re8 10.O-O Nbd7 11.Rad1 Nh5 12.Bxe7 Qxe7 13.a3 Ndf6 14.Rfe1 Bd7 15.b4 Ng4
16.Nc1 Qd6 17.g3 a5 18.Qb2 Ngf6 19.b5 Ng7 20.Nb3 Ne6 21.b6 Ng5 22.Nd2 Nh3+
23.Kg2 Ng4 24.Re2 Nhxf2 25.Rxf2 Nxe3+ 26.Kg1 Nxd1 27.Nxd1 c5 28.dxc5 Re1+
29.Kg2 Qxc5 30.Be2 Bc6 31.Nf3 d4 32.Qd2 Rxe2 33.Qxe2 Re8 34.Qd2 Qxb6 35.Kg1 Qc5
36.a4 Qd5 37.Kf1 Bxa4 38.Nb2 Bb5+ 39.Kg1 Bc6 40.Nd3 Re3 41.Nde1 a4  0-1

[Event "Bilbao"]
[Site "Bilbao"]
[Date "1987.??.??"]
[Round "?"]
[White "Ljubojevic, Ljubomir"]
[Black "Ochoa de Echaguen, F Javier"]
[Result "1-0"]
[WhiteElo "2620"]
[BlackElo "2430"]

1.e4 c5 2.Nf3 Nc6 3.d4 cxd4 4.Nxd4 Nf6 5.Nc3 e6 6.Ndb5 d6 7.Bf4 e5 8.Bg5 a6
9.Na3 b5 10.Bxf6 gxf6 11.Nd5 Bg7 12.g3 Ne7 13.Bg2 Nxd5 14.Qxd5 Be6 15.Qd2 Qb6
16.c3 O-O 17.O-O Rad8 18.Nc2 f5 19.exf5 Bxf5 20.Nb4 Be6 21.Nd5 Bxd5 22.Bxd5 Kh8
23.a4 Rb8 24.b4 f5 25.a5 Qa7 26.Rac1 Rf6 27.Rc2 Bh6 28.Qe2 f4 29.c4 bxc4
30.Rxc4 Rbf8 31.Qc2 Bg7 32.Kg2 e4 33.Rxe4 Qd7 34.f3 Qf5 35.Qc4 fxg3 36.hxg3 Rg6
37.Re6 Rxe6 38.Bxe6 Qe5 39.Bd5 Rb8 40.Rb1 Qe3 41.Qc2 Qg5 42.Be4 Be5 43.Rh1 Bxg3
44.Rxh7+ Kg8 45.Bd5+  1-0

[Event "Bilbao"]
[Site "Bilbao"]
[Date "1987.??.??"]
[Round "?"]
[White "Ljubojevic, Ljubomir"]
[Black "Sokolov, Andrei"]
[Result "1/2-1/2"]
[WhiteElo "2620"]
[BlackElo "2645"]

1.e4 c5 2.Nf3 e6 3.d4 cxd4 4.Nxd4 Nf6 5.Nc3 d6 6.Bc4 Be7 7.Be3 O-O 8.Bb3 Na6
9.Qf3 Nc5 10.O-O-O Nxb3+ 11.axb3 Qa5 12.Kb1 Bd7 13.g4 Bc6 14.g5 Nd7 15.h4 Rfc8
16.h5 Bxg5 17.b4 Qd8 18.h6 g6 19.b5 Ne5 20.Qg3 Bxe3 21.bxc6 Bxd4 22.cxb7 Rxc3
23.bxc3 Bc5 24.bxa8=Q Qxa8 25.c4 Qxe4 26.Qb3 Kf8 27.Rhe1 Qf4 28.Rxe5 Qxe5
29.f4 Qxf4 30.Qb8+ Ke7 31.Qb7+ Ke8 32.Qc8+ Ke7 33.Qc7+ Ke8 34.Qc8+  1/2-1/2

[Event "Madrid rapid"]
[Site "Madrid"]
[Date "1988.??.??"]
[Round "1"]
[White "Ljubojevic, Ljubomir"]
[Black "Chernin, Alexander"]
[Result "1-0"]
[WhiteElo "2610"]
[BlackElo "2560"]

1.c4 Nf6 2.Nc3 e6 3.g3 d5 4.d4 Be7 5.Bg2 O-O 6.Nf3 c6 7.O-O b6 8.Ne5 Nfd7
9.cxd5 Nxe5 10.dxe5 exd5 11.Nxd5 cxd5 12.Qxd5 Qxd5 13.Bxd5 Bh3 14.Bxa8 Bxf1
15.Kxf1 Nd7 16.Bd5 Nxe5 17.Bf4 Ng4 18.h3 Nf6 19.Bb3 Ne4 20.Rd1 Bf6 21.Bc2 Nc5
22.b3 g6 23.h4 Kg7 24.Be3 Rc8 25.Bb1 Ne6 26.Rc1 Rd8 27.Bd3 Bd4 28.Bxd4+ Rxd4
29.Ke1 Nc5 30.Bc2 Kf6 31.Rd1 Ke5 32.Rxd4 Kxd4 33.Kd2 Nb7 34.e3+ Kc5 35.Kc3 a5
36.a3 Nd6 37.g4 Nb5+ 38.Kb2 Nd6 39.Bd3 b5 40.Kc3 b4+ 41.axb4+ axb4+ 42.Kd2 h6
43.g5 hxg5 44.hxg5 Kd5 45.f3 Ke5 46.Bc2 Kd5 47.Kd3 Ke5 48.Bd1 Kd5 49.Be2 Nb7
50.e4+ Kc5 51.f4 Na5 52.Bd1 Nc6 53.e5 Nd4 54.Ke4 Nb5 55.e6 fxe6 56.Ke5 Nc7
57.Bc2 Nd5 58.Bxg6  1-0

[Event "Madrid rapid"]
[Site "Madrid"]
[Date "1988.??.??"]
[Round "5"]
[White "Ljubojevic, Ljubomir"]
[Black "Sokolov, Andrei"]
[Result "1/2-1/2"]
[WhiteElo "2610"]
[BlackElo "2595"]

1.e4 c5 2.Nc3 e6 3.g3 Nc6 4.Bg2 g6 5.d3 Bg7 6.Be3 d6 7.Qd2 Nge7 8.Bh6 O-O
9.h4 f6 10.Bxg7 Kxg7 11.Nge2 e5 12.Nd1 Nd4 13.Ne3 f5 14.exf5 Nexf5 15.O-O Nxe2+
16.Qxe2 Nd4 17.Qd1 Be6 18.c3 Nc6 19.Qa4 Qd7 20.Nd5 Qf7 21.Qe4 Bf5 22.Qe2 Be6
23.Qe4 Bf5 24.Qc4 Rab8 25.Ne3 Be6 26.Qe4 Rbd8 27.Qa4 Qd7 28.Rae1 Rf7 29.Nd5 Bh3
30.Kh2 Bxg2 31.Kxg2 Rdf8 32.Re3 h5 33.a3 Qf5 34.Qe4 Nd8 35.Qxf5 Rxf5 36.b4 Ne6
37.b5 g5 38.hxg5 Rxg5 39.Rh1 Nf4+ 40.Nxf4 Rxf4 41.Re4 d5 42.Rxf4 exf4 43.Rh4 fxg3
44.fxg3 d4 45.cxd4 cxd4 46.a4 Rd5 47.Kf3 Kf6 48.Ke4 Rg5 49.Kxd4 Rxg3 50.Rxh5 Rg4+
51.Kd5 Rxa4 52.Rh6+ Kf5 53.Rh7 b6 54.Rf7+ Kg6 55.Rd7 Kf6 56.d4 a6 57.bxa6 Rxa6
58.Kc6 b5+ 59.Kxb5 Ke6 60.Rh7 Ra1  1/2-1/2

[Event "Madrid rapid"]
[Site "Madrid"]
[Date "1988.??.??"]
[Round "6"]
[White "Dolmatov, Sergey"]
[Black "Ljubojevic, Ljubomir"]
[Result "1-0"]
[WhiteElo "2565"]
[BlackElo "2610"]

1.e4 c5 2.Nf3 d6 3.d4 cxd4 4.Nxd4 Nf6 5.Nc3 a6 6.Be2 e5 7.Nb3 Be7 8.Be3 O-O
9.g4 Be6 10.g5 Nfd7 11.Qd2 a5 12.a4 Na6 13.Nd5 Bxd5 14.exd5 Nac5 15.Nxc5 Nxc5
16.h4 Qc8 17.Bb5 Bd8 18.Qe2 Bb6 19.O-O-O Nb3+ 20.Kb1 Nd4 21.Bxd4 Bxd4 22.c3 Bc5
23.Bd3 f5 24.gxf6 Rxf6 25.Qe4 Rh6 26.f4 exf4 27.Qxf4 Qf8 28.Qg4 Re8 29.Rde1 Rxe1+
30.Rxe1 Bf2 31.Re2 Rf6 32.Bb5 h5 33.Qxh5 Rh6 34.Qg4 Rxh4 35.Qd7 Kh7 36.Bd3+ Kh6
37.Qe6+ Kg5 38.Qg6+ Kf4 39.Rxf2+  1-0

[Event "Thessaloniki ol (Men)"]
[Site "Thessaloniki"]
[Date "1988.??.??"]
[Round "5"]
[White "Ljubojevic, Ljubomir"]
[Black "Spassky, Boris V"]
[Result "1-0"]
[WhiteElo "2600"]
[BlackElo "2560"]

1.e4 e5 2.Nf3 Nc6 3.Bb5 a6 4.Ba4 Nf6 5.O-O d6 6.Bxc6+ bxc6 7.d4 Bg4 8.dxe5 Nxe4
9.Qe1 Bxf3 10.gxf3 Nc5 11.exd6+ Ne6 12.Qe4 Qxd6 13.Nc3 Qd7 14.f4 g6 15.Be3 Bd6
16.f5 gxf5 17.Qxf5 Rg8+ 18.Kh1 Ng5 19.Qxd7+ Kxd7 20.f4 Rae8 21.fxg5 Rxe3
22.Rxf7+ Ke6 23.Rxh7 Rxg5 24.Rf1 Rg6 25.Rh4 Be5 26.Re4 Rxe4 27.Nxe4 Bxb2
28.Nc5+ Kd5 29.Nd3 Rf6 30.Kg2 Bd4 31.Rxf6 Bxf6 32.Kf3 Kd4 33.Ke2 Kc3 34.Kd1 a5
35.Kc1 Bg5+ 36.Kb1 Bf6 37.h3 Kd4 38.Nc1 Kc4 39.Nb3 a4 40.Nc1 a3 41.Ne2 Bg5
42.Ng3 Bh4 43.Ne4 Kd4 44.Nd2 Be7 45.Kc1 Ke3 46.Kd1 Bb4 47.Nb1 Be7 48.Nc3 Bf6
49.Ne2 c5 50.Ng3 c4 51.Nf1+ Kd4 52.Nd2 Be7 53.Nf3+ Ke4 54.Ke2 Bf8 55.h4 Bh6
56.Nd2+ Kd4 57.Nb1 Bf8 58.c3+ Ke4 59.Nd2+ Kd5 60.Kf3 Bh6 61.Nb1 Bg7 62.Ke3 Bf8
63.Kd2 Ke4 64.Kc2 Kf4 65.Nd2 Kg4 66.Nxc4 Kxh4 67.Kb3 Kg5 68.Nxa3 Bc5 69.Nb5 Bb6
70.a4 Kf6 71.Kb4 c5+ 72.Kc4 Ke6 73.Na3 Kd7 74.Kb5 Bd8 75.Nc4 Kc7 76.Kxc5 Bf6
77.Nb6 Kb7 78.Nd5 Be5 79.Kb5 Bg3 80.c4 Bh2 81.c5 Bg3 82.Ne3 Bf4 83.Nc4 Bg3
84.Nd6+ Kc7 85.a5 Bh4 86.a6 Kb8 87.Kc6 Bf2 88.Nb5 Bh4 89.a7+ Ka8 90.Kb6 Bd8+
91.Ka6 Bb6 92.c6  1-0

[Event "Thessaloniki ol (Men)"]
[Site "Thessaloniki"]
[Date "1988.??.??"]
[Round "14"]
[White "Ljubojevic, Ljubomir"]
[Black "Torre, Eugenio"]
[Result "1/2-1/2"]
[WhiteElo "2600"]
[BlackElo "2555"]

1.e4 e5 2.Nf3 Nc6 3.Bb5 a6 4.Ba4 Nf6 5.O-O Be7 6.Re1 b5 7.Bb3 d6 8.c3 O-O
9.h3 Na5 10.Bc2 c5 11.d4 Nc6 12.a3 Qc7 13.Be3 Rd8 14.Nbd2 g6 15.d5 Na5 16.b4 Nb7
17.c4 Bd7 18.Bd3 bxc4 19.Nxc4 Bb5 20.Rc1 Nd7 21.Nfd2 Rdc8 22.Nb2 Qd8 23.Bb1 Nb6
24.a4 Be8 25.bxc5 Nxc5 26.Bxc5 Rxc5 27.Rxc5 dxc5 28.Ndc4 Bxa4 29.Nxa4 Nxc4
30.Ba2 Nd6 31.Qc2 Qa5 32.Ra1 c4 33.Rb1 Bd8 34.Bxc4 Rc8 35.Nb2 Bb6 36.Qe2 Bd4
37.Bd3 Rb8 38.Kh2 Rb4  1/2-1/2

[Event "Vina del Mar"]
[Site "Vina del Mar"]
[Date "1988.??.??"]
[Round "2"]
[White "Ljubojevic, Ljubomir"]
[Black "Panno, Oscar"]
[Result "1-0"]
[WhiteElo "2590"]
[BlackElo "2485"]

1.e4 c5 2.Nf3 Nc6 3.d4 cxd4 4.Nxd4 Qb6 5.Nb3 Nf6 6.Nc3 e6 7.a3 Be7 8.Bf4 O-O
9.e5 Ne8 10.Bd3 a6 11.O-O Qc7 12.Re1 g6 13.Qd2 d6 14.exd6 Bxd6 15.Bxd6 Qxd6
16.Rad1 Qc7 17.Ne4 b6 18.Qh6 Ne5 19.Nd4 f6 20.Qf4 Nxd3 21.Qxc7 Nxc7 22.Rxd3 Bd7
23.Nf3 Bc6 24.Rd6 Bxe4 25.Rxe4 b5 26.Rc6 Rf7 27.Rd4 Re7 28.Rdd6 Kf7 29.Nd4 g5
30.g3 h5 31.Kg2 g4 32.h4 gxh3+ 33.Kxh3 Ra7 34.f4 f5  1-0

[Event "Vina del Mar"]
[Site "Vina del Mar"]
[Date "1988.??.??"]
[Round "4"]
[White "Ljubojevic, Ljubomir"]
[Black "Morovic Fernandez, Ivan"]
[Result "1-0"]
[WhiteElo "2590"]
[BlackElo "2545"]

1.e4 e5 2.Nf3 Nc6 3.Bb5 a6 4.Ba4 Nf6 5.O-O Be7 6.Re1 b5 7.Bb3 d6 8.c3 O-O
9.h3 Na5 10.Bc2 c5 11.d4 Qc7 12.Nbd2 cxd4 13.cxd4 Bb7 14.a3 Rac8 15.Bb1 Rfe8
16.d5 Nd7 17.b3 f5 18.Bb2 Nf6 19.Ng5 Qd7 20.Qf3 Bd8 21.Rd1 h6 22.Ne6 fxe4
23.Nxe4 Nxd5 24.Nxd8 Rcxd8 25.Rd2 Qe6 26.Bc2 Nf6 27.Nxf6+ Qxf6 28.Qd3 Qg5
29.Qh7+ Kf7 30.f4 exf4 31.Rf1 f3 32.Rdf2 Re3 33.Bc1  1-0

[Event "Vina del Mar"]
[Site "Vina del Mar"]
[Date "1988.??.??"]
[Round "5"]
[White "Panno, Oscar"]
[Black "Ljubojevic, Ljubomir"]
[Result "1/2-1/2"]
[WhiteElo "2485"]
[BlackElo "2590"]

1.Nf3 c5 2.c4 Nc6 3.d4 cxd4 4.Nxd4 g6 5.e4 Bg7 6.Be3 Nf6 7.Nc3 O-O 8.Be2 d6
9.O-O Bd7 10.Nb3 Rc8 11.c5 Be6 12.cxd6 exd6 13.Nd4 Nxd4 14.Bxd4 Qa5 15.a3 a6
16.f3 Rc6 17.Qd2 Rfc8 18.Qe3 b5 19.Rad1 b4 20.axb4 Qxb4 21.Rd2 Nd7 22.Bxg7 Kxg7
23.Rfd1 Rb8 24.h4 h5 25.Nd5 Bxd5 26.Rxd5 Nf6 27.R5d2 a5 28.Bf1 Nd7 29.Qd4+ Qxd4+
30.Rxd4 Rxb2 31.Ra4 Rc5 32.Rda1 Rcc2 33.Rxa5 Nc5 34.Rd1 Ne6 35.Raa1 Nf4 36.Rab1 Ra2
37.Ra1 Rab2 38.Rab1 Rxb1 39.Rxb1 Kf6 40.Rb5 Rd2 41.Rb7 d5  1/2-1/2

[Event "Zuerich sim"]
[Site "Zuerich"]
[Date "1988.??.??"]
[Round "?"]
[White "Ljubojevic, Ljubomir"]
[Black "Vogel, Robert"]
[Result "1-0"]
[WhiteElo "2610"]
[BlackElo "2380"]

1.e4 e5 2.Nf3 Nf6 3.d4 Nxe4 4.Bd3 d5 5.dxe5 Nc5 6.O-O Be7 7.Nc3 Be6 8.Be3 c6
9.Nd4 O-O 10.Nxe6 Nxe6 11.Ne2 Nd7 12.f4 g6 13.f5 Bc5 14.Bxc5 Nexc5 15.e6 fxe6
16.fxg6 hxg6 17.Bxg6 Qg5 18.Bd3 Ne5 19.Rxf8+ Rxf8 20.Qc1 Qh5 21.Ng3 Qh4 22.Qe1 Ng4
23.h3 Nf2 24.Qe3 d4 25.Qe5 Ncxd3 26.cxd3 Qf4 27.Qxe6+ Kg7 28.Nh5+  1-0

[Event "Novi Sad ol (Men)"]
[Site "Novi Sad"]
[Date "1990.??.??"]
[Round "7"]
[White "Ljubojevic, Ljubomir"]
[Black "Ftacnik, Lubomir"]
[Result "1/2-1/2"]
[WhiteElo "2600"]
[BlackElo "2550"]

1.c4 Nf6 2.Nc3 c5 3.g3 e6 4.Nf3 b6 5.Bg2 Bb7 6.O-O Be7 7.d4 cxd4 8.Qxd4 d6
9.b3 Nbd7 10.Rd1 a6 11.Ba3 Nc5 12.Bb2 O-O 13.b4 Ncd7 14.e4 Qc7 15.Nd2 Rac8
16.Rac1 Rfe8 17.h3 Bf8 18.Ne2 Qb8 19.a3 Bc6 20.Qe3 Ba8 21.Bd4 e5 22.Ba1 b5
23.cxb5 axb5 24.Nc3 Nb6 25.Nxb5 d5 26.exd5 Nbxd5 27.Qe2 Bc6 28.Bf1 e4 29.Nd4 Ba4
30.Rxc8 Qxc8 31.Re1 e3 32.Nc4 Bd7 33.Nxe3 Nxe3 34.fxe3 Bxh3 35.Bxh3 Qxh3
36.Qg2 Qh5 37.Qh1 Qg6 38.Qf3 Ne4 39.Kg2 Rc8 40.g4 Nd2 41.Qf5 Qxf5 42.Nxf5 Ra8
43.Re2 Nc4 44.Rc2 Nxa3 45.Ra2 Bxb4 46.Bxg7 Rc8 47.Kf3 Rc2 48.Ra1 Bc3 49.Bxc3 Rxc3
50.Rd1 f6 51.Rd8+ Kf7 52.Rd7+ Kf8 53.Rxh7 Nc4 54.Ke4 Nd2+ 55.Kd5 Nf3 56.Ra7 Ng5
57.Ra4 Rd3+ 58.Rd4 Ra3 59.Kc6 Ra6+ 60.Kb7 Ra5 61.Kb6 Ra3 62.Kc6 Ra6+  1/2-1/2

[Event "EU-chT (Men)"]
[Site "Debrecen"]
[Date "1992.??.??"]
[Round "1"]
[White "Ljubojevic, Ljubomir"]
[Black "Blatny, Pavel"]
[Result "1-0"]
[WhiteElo "2610"]
[BlackElo "2480"]

1.d4 Nf6 2.c4 c6 3.Nc3 d5 4.Nf3 e6 5.Bg5 h6 6.Bxf6 Qxf6 7.e3 Nd7 8.Bd3 Qd8
9.O-O Bd6 10.Qe2 O-O 11.Rfd1 Qe7 12.c5 Bc7 13.e4 dxe4 14.Bxe4 Re8 15.b4 Nf6
16.Bc2 Nd5 17.Qd3 g6 18.Rab1 a5 19.Nxd5 exd5 20.b5 Qf6 21.h3 Bf5 22.Qc3 Re2
23.Bxf5 Qxf5 24.Rb2 Rae8 25.Kf1 Qe4 26.Ng1 Rxb2 27.Qxb2 a4 28.Qe2 cxb5 29.Qxb5 Kf8
30.Qxa4 Bf4 31.Qb3 Bd2 32.Nf3 Qe2+ 33.Kg1 Bf4 34.Rb1 Ra8 35.Rb2 Qc4 36.Qxc4 dxc4
37.Rc2 Ra4 38.d5 Ke7 39.Kf1 Kd7 40.g3 Bb8 41.Nd2 c3 42.Rxc3 Rxa2 43.Nc4 Bc7
44.Rf3 Ra1+ 45.Kg2 f5 46.d6  1-0

[Event "Moscow rapid"]
[Site "Moscow"]
[Date "1992.??.??"]
[Round "?"]
[White "Nevostrujev, Vladimir"]
[Black "Ljubojevic, Ljubomir"]
[Result "0-1"]
[WhiteElo "2450"]
[BlackElo "2600"]

1.e4 c5 2.Nf3 g6 3.d4 cxd4 4.Nxd4 Bg7 5.c4 Nc6 6.Nc3 Nf6 7.Be3 Ng4 8.Qxg4 Nxd4
9.Qd1 Ne6 10.Rc1 Qa5 11.f3 h5 12.Qd2 h4 13.c5 Rh5 14.f4 Nxc5 15.Be2 Bxc3
16.Qxc3 Nxe4 17.Qxa5 Rxa5 18.O-O Rxa2 19.f5 Rxb2 20.fxg6 fxg6 21.Bd3 d5 22.Bh6 Bf5
23.Bg7 Rd2 24.Bb5+ Kf7 25.Bd7 Nf6 26.Bxf5 gxf5 27.Rxf5 Kg6  0-1

[Event "Moscow rapid"]
[Site "Moscow"]
[Date "1992.??.??"]
[Round "?"]
[White "Vladimirov, Evgeny"]
[Black "Ljubojevic, Ljubomir"]
[Result "1/2-1/2"]
[WhiteElo "2585"]
[BlackElo "2600"]

1.d4 Nf6 2.c4 e6 3.g3 d5 4.Nf3 c6 5.Qc2 Bb4+ 6.Nbd2 O-O 7.Bg2 b6 8.O-O Ba6
9.Rd1 c5 10.dxc5 Bxc5 11.Nb3 Bxc4 12.Nxc5 bxc5 13.Ne5 Ba6 14.e4 Qb6 15.exd5 Nxd5
16.Nc4 Bxc4 17.Qxc4 Nc6 18.Bxd5 exd5 19.Rxd5 Rad8 20.Be3 Rxd5 21.Qxd5 Nd4
22.Bxd4 cxd4 23.Re1  1/2-1/2

[Event "Roquebrune"]
[Site "Roquebrune"]
[Date "1992.??.??"]
[Round "?"]
[White "Ljubojevic, Ljubomir"]
[Black "Polugaevsky, Lev"]
[Result "1-0"]
[WhiteElo "2610"]
[BlackElo "2630"]

1.c4 c5 2.Nf3 Nc6 3.g3 g6 4.d4 cxd4 5.Nxd4 Bg7 6.Nb3 Nf6 7.Bg2 O-O 8.Nc3 d6
9.O-O Be6 10.c5 d5 11.Bg5 d4 12.Nb5 h6 13.Bc1 Bd5 14.N5xd4 Bxg2 15.Kxg2 Qd5+
16.Nf3 Qe4 17.Qd3 Qxd3 18.exd3 Rfd8 19.d4 a5 20.a4 Nd5 21.Bd2 Ndb4 22.Bxb4 axb4
23.Rfd1 Rd5 24.Rd2 h5 25.h4 Rad8 26.a5 Ra8 27.Ra4 e6 28.Kf1 Bf6 29.Ke2 Bd8
30.Rd1 Ra6 31.Rda1 Bc7 32.Kd3 Rf5 33.Ke4 Rd5 34.Nfd2 f5+ 35.Ke3 e5 36.dxe5 Bxe5
37.Nc4 Bf6 38.Ke2 Be7 39.Rd1 Rxd1 40.Kxd1 Kf7 41.Ke2 Ke6 42.Kd3 Kd5 43.Ne3+ Ke6
44.Kc4 Bf6 45.Nc2 Bxb2 46.Nxb4 Nxb4 47.Kxb4 Kd7 48.Kb5 Re6 49.Rc4 Kc7 50.Rc2 Bf6
51.Nc1 Re1 52.Nd3 Rb1+ 53.Kc4 Ra1 54.Kb5 Rb1+ 55.Nb4 Bd4 56.Kc4 Bf6 57.a6 bxa6
58.Nxa6+ Kd7 59.Nb4 Be5 60.Nd5 Ke6 61.Nb4  1-0

[Event "Roquebrune"]
[Site "Roquebrune"]
[Date "1992.??.??"]
[Round "?"]
[White "Karpov, Anatoly"]
[Black "Ljubojevic, Ljubomir"]
[Result "1/2-1/2"]
[WhiteElo "2725"]
[BlackElo "2610"]

1.d4 Nf6 2.c4 e6 3.Nf3 b6 4.g3 Ba6 5.b3 Bb7 6.Bg2 d5 7.O-O Nbd7 8.Nc3 Bb4
9.Qc2 O-O 10.cxd5 exd5 11.Bf4 a6 12.a3 Be7 13.Rfd1 Re8 14.Ne5 Nf8 15.b4 Ne6
16.Qb3 c6 17.Be3 Bd6 18.Nf3 Ng4 19.Bd2 Qf6 20.Bc1 Qe7 21.Rb1 Rad8 22.a4 b5
23.axb5 axb5 24.e4 dxe4 25.Nxe4 Bb8 26.Bb2 Nc7 27.Nc5 Nd5 28.Re1 Qc7 29.Ne5 Ngf6
30.f4 Bc8 31.h3 h5 32.Rbc1 Bf5 33.Na6 Qd6 34.Rxc6 Qxc6 35.Nxc6 Rxe1+ 36.Kf2 Rde8
37.Ne5 Re3 38.Qa2 Bxe5 39.dxe5 Ne4+ 40.Bxe4 Bxe4 41.Nc7 Rf3+ 42.Ke2 Nxc7
43.Qa7 Nd5 44.Qd7 Ra8 45.e6 Ra2 46.Qxf7+ Kh7 47.Qxh5+ Kg8 48.Qe8+ Kh7 49.Qh5+  1/2-1/2

[Event "Roquebrune"]
[Site "Roquebrune"]
[Date "1992.??.??"]
[Round "?"]
[White "Larsen, Bent"]
[Black "Ljubojevic, Ljubomir"]
[Result "0-1"]
[WhiteElo "2535"]
[BlackElo "2610"]

1.d4 Nf6 2.Nf3 g6 3.c4 d5 4.cxd5 Nxd5 5.e4 Nb6 6.h3 Bg7 7.Nc3 c5 8.Bb5+ Bd7
9.dxc5 Bxc3+ 10.bxc3 Bxb5 11.Qxd8+ Kxd8 12.cxb6 axb6 13.Be3 Nd7 14.Nd4 Bc4
15.Kd2 Nc5 16.f3 e5 17.Nb3 Na4 18.Kc2 Ke7 19.Nd2 Be6 20.Rhc1 Rac8 21.c4 b5
22.Kb3 Rhd8 23.Kb4 Nb2 24.Rc3 bxc4 25.a4 Nd3+ 26.Kb5 Bd7+ 27.Kb6 Rc6+ 28.Kxb7 Nb4
29.Rxc4 Bc8+ 30.Ka7 Ra6+ 31.Kb8 Be6+ 32.Kb7 Bxc4 33.Nxc4  0-1

[Event "Roquebrune rapid"]
[Site "Roquebrune"]
[Date "1992.??.??"]
[Round "6"]
[White "Ljubojevic, Ljubomir"]
[Black "Karpov, Anatoly"]
[Result "1-0"]
[WhiteElo "2610"]
[BlackElo "2725"]

1.e4 c6 2.d3 d5 3.Nd2 e5 4.Ngf3 Bd6 5.Qe2 Nf6 6.d4 dxe4 7.Nxe5 Bf5 8.h3 h5
9.Rg1 h4 10.g4 hxg3 11.Rxg3 Nh5 12.Rb3 Nf6 13.Rxb7 Be7 14.Qe3 Qc8 15.Rb3 Nd5
16.Qg3 e3 17.Ndc4 Bxc2 18.Qxg7 Rf8 19.Rxe3 Nxe3 20.Nxe3 Bf5 21.Nxf5 Qxf5
22.Qg2 Bb4+ 23.Kd1 Bd6 24.Bd3 Qh5+ 25.Be2 Qh4 26.Nxc6 Nxc6 27.Qxc6+ Ke7 28.Bg4 Rfd8
29.Be3 Rab8 30.b3 Kf8 31.Ke2 Qh7 32.Rc1 Rb6 33.Qf3 Re8 34.Bd7 Rd8 35.Bf5 Qh4
36.Rg1 Be7 37.Rg4 Qh8 38.Bd3 Rf6 39.Qg2 Re6 40.Bc4 Red6 41.Bf4 Rb6 42.Be5 Bf6
43.Qf3 Re8 44.Kf1 Re7 45.Rf4 Bxe5 46.Rxf7+ Ke8 47.dxe5 Qxe5 48.Qa8+ Qb8 49.Qd5 Qd6
50.Rf8+ Kd7 51.Qf5+ Kc6 52.Rf6  1-0

[Event "Roquebrune rapid"]
[Site "Roquebrune"]
[Date "1992.??.??"]
[Round "9"]
[White "Polugaevsky, Lev"]
[Black "Ljubojevic, Ljubomir"]
[Result "1/2-1/2"]
[WhiteElo "2630"]
[BlackElo "2610"]

1.d4 Nf6 2.c4 g6 3.Nc3 Bg7 4.e4 d6 5.Be2 O-O 6.Nf3 c5 7.O-O cxd4 8.Nxd4 Nc6
9.Be3 Bd7 10.Nb3 b6 11.f3 Ne8 12.Qd2 Rc8 13.Rac1 Ne5 14.Nd5 e6 15.Nf4 Qe7
16.Rfd1 f5 17.exf5 Rxf5 18.Nd4 Rf8 19.Nh3 Nf7 20.Nf2 Nf6 21.b3 Rfd8 22.a4 Be8
23.Qb4 Nd7 24.Nb5 Nc5 25.Qa3 a6 26.Nc3 a5 27.Bf1 Bc6 28.b4 axb4 29.Qxb4 Ra8
30.Qxb6 Bxa4 31.Nxa4 Nxa4 32.Qb4 Nc3 33.Rxc3 Rdb8 34.Bb6 Bxc3 35.Qxc3 Rxb6
36.Ne4 e5 37.c5 dxc5 38.Bc4 Rd8 39.Re1 Rc6 40.Nf2 Rd4 41.Ng4 Rxc4 42.Qxc4 Qe6
43.Qc3 Qd5 44.Nxe5 Nxe5 45.Rxe5 Qd4+ 46.Qxd4 cxd4 47.Rd5 Rc1+ 48.Kf2 Rc2+
49.Kg3 Rd2 50.Rd7 h5 51.f4 Rd3+ 52.Kh4 Rd2  1/2-1/2

[Event "Roquebrune rapid"]
[Site "Roquebrune"]
[Date "1992.??.??"]
[Round "10"]
[White "Ljubojevic, Ljubomir"]
[Black "Larsen, Bent"]
[Result "1/2-1/2"]
[WhiteElo "2610"]
[BlackElo "2535"]

1.e4 c5 2.Nf3 g6 3.c3 Bg7 4.d4 cxd4 5.cxd4 d5 6.e5 Nc6 7.Be2 Bg4 8.Nc3 Nh6
9.h3 Bxf3 10.Bxf3 Nf5 11.Bxd5 Nfxd4 12.f4 O-O 13.O-O e6 14.Bxc6 Nxc6 15.Be3 Qa5
16.Qb3 b6 17.Ne4 Rfd8 18.Rfd1 Qb4 19.Rxd8+ Rxd8 20.Qxb4 Nxb4 21.Rc1 Nd5 22.Kf2 Bf8
23.a3 Be7 24.Kf3 Kf8 25.g4 Ke8 26.Bf2 Kd7 27.Rd1 Kc6 28.h4 a5 29.h5 gxh5
30.gxh5 Rg8 31.Nc3 Nxc3 32.Rc1 Kb7 33.Rxc3 a4 34.b3 Ra8 35.b4 Rd8 36.Ke2 Rg8
37.Kf3 b5 38.Rd3 Rd8 39.Rxd8 Bxd8 40.Ke4 Kc6 41.Bd4 Bh4 42.Bc3 Bf2 43.Kf3 Bb6
44.Ke4 Bf2 45.Kf3 Bb6 46.Ke4  1/2-1/2

[Event "Roquebrune rapid"]
[Site "Roquebrune"]
[Date "1992.??.??"]
[Round "12"]
[White "Ljubojevic, Ljubomir"]
[Black "Piket, Jeroen"]
[Result "1/2-1/2"]
[WhiteElo "2610"]
[BlackElo "2615"]

1.e4 d6 2.d4 Nf6 3.Nc3 g6 4.Be3 c6 5.h3 Nbd7 6.f4 e5 7.dxe5 dxe5 8.Nf3 Qa5
9.Qd2 Bc5 10.Bc4 O-O 11.Bb3 exf4 12.Bxf4 b5 13.Ng5 b4 14.Na4 Ba6 15.O-O-O Bb5
16.Nxc5 Nxc5 17.Qd4 Nxb3+ 18.cxb3 Ne8 19.Qc5 Qb6 20.Qxb4 c5 21.Qc3 c4 22.bxc4 Rc8
23.b3 Qa6 24.Kb2 Bxc4 25.bxc4 Rxc4 26.Qb3 Rc5 27.Qe3 Ra5 28.a3 Nf6 29.Rd3 Re8
30.Rhd1 h6 31.Nf3 Rxe4 32.Qd2 Rb5+ 33.Ka1 Nd5 34.Bd6 Qxd6 35.Rc1 Qf6+ 36.Ka2 Nb4+
37.axb4 Qe6+ 38.Ka1 Re2 39.Rd8+ Kh7 40.Rh8+ Kxh8 41.Qxh6+ Kg8 42.Qh7+ Kxh7
43.Ng5+ Kh6 44.Nxe6 Rxe6 45.Rc4 a5 46.Ka2 axb4 47.Kb3 Re3+ 48.Kb2 b3 49.Rc1 Re2+
50.Kb1 b2 51.Rd1 Rbe5 52.Ka2 b1=Q+ 53.Kxb1 Rb5+ 54.Kc1 Rc5+ 55.Kb1  1/2-1/2

[Event "Roquebrune rapid"]
[Site "Roquebrune"]
[Date "1992.??.??"]
[Round "17"]
[White "Karpov, Anatoly"]
[Black "Ljubojevic, Ljubomir"]
[Result "1-0"]
[WhiteElo "2725"]
[BlackElo "2610"]

1.d4 Nf6 2.c4 e6 3.Nf3 d5 4.Nc3 Be7 5.Bg5 h6 6.Bh4 O-O 7.e3 b6 8.Be2 Bb7
9.Bxf6 Bxf6 10.cxd5 exd5 11.b4 c6 12.O-O Qd6 13.Qb3 Nd7 14.e4 Be7 15.Rab1 dxe4
16.Nxe4 Qf4 17.Ng3 Nf6 18.Rfe1 Bd6 19.a3 Bc8 20.Qc3 Bd7 21.Ne5 Nd5 22.Qb2 Bxe5
23.dxe5 f6 24.Bf3 fxe5 25.b5 e4 26.Bxe4 Qf6 27.Rec1 Ne7 28.Re1 Rae8 29.Qxf6 gxf6
30.Rbd1 Rd8 31.Bf3 Kf7 32.Bh5+ Ng6 33.Rd6 Bc8 34.Rxc6 Kg7 35.f4 Rf7 36.f5 Ne5
37.Rxe5 fxe5 38.Bxf7 Kxf7 39.Rxh6 Rd5 40.Ne4 Bd7 41.g4 Rd4 42.Ng5+ Kf8 43.h3 Kg7
44.Rg6+ Kf8 45.f6 Bxb5 46.Rh6 Rd1+ 47.Kh2 Kg8 48.f7+ Kg7 49.Rh7+ Kg6 50.f8=Q Rd2+
51.Kg3 Rd3+ 52.Kh4  1-0

[Event "Roquebrune rapid"]
[Site "Roquebrune"]
[Date "1992.??.??"]
[Round "19"]
[White "Kortschnoj, Viktor"]
[Black "Ljubojevic, Ljubomir"]
[Result "1-0"]
[WhiteElo "2585"]
[BlackElo "2610"]

1.d4 Nf6 2.c4 g6 3.Nc3 Bg7 4.e4 d6 5.f3 c5 6.dxc5 dxc5 7.Qxd8+ Kxd8 8.e5 Nfd7
9.f4 f6 10.Nf3 fxe5 11.Ng5 Ke8 12.Ne6 Na6 13.Nxg7+ Kf7 14.Nh5 gxh5 15.Be2 exf4
16.Bxh5+ Kg7 17.Bxf4 Nf6 18.Be5 Nb4 19.O-O-O Bf5 20.g4 Bg6 21.Rd7 Rhe8 22.Bxf6+ Kxf6
23.Rxb7 Nd3+ 24.Kd2 Ne5 25.Nd5+ Kg5 26.h4+ Kh6 27.Bxg6 hxg6 28.g5+ Kh5 29.Kc3 Kg4
30.Re1 Nf3 31.Re4+ Kg3 32.Rbxe7 Rxe7 33.Nxe7 Nxh4 34.Re5 Rd8 35.Rxc5 Rd7
36.Nc6 Rc7 37.b4 Kf4 38.a4 Nf3 39.Nd4 Rxc5 40.Ne6+ Kf5 41.Nxc5 Nxg5 42.b5 Nf7
43.a5 Nd6 44.b6 axb6 45.axb6 g5 46.Nd3 g4 47.c5 g3 48.Ne1 Ne4+ 49.Kd4 Nf6
50.b7 Nd7 51.c6  1-0

[Event "Roquebrune rapid"]
[Site "Roquebrune"]
[Date "1992.??.??"]
[Round "21"]
[White "Larsen, Bent"]
[Black "Ljubojevic, Ljubomir"]
[Result "1/2-1/2"]
[WhiteElo "2535"]
[BlackElo "2610"]

1.Nf3 Nf6 2.c4 b6 3.Nc3 Bb7 4.d4 e6 5.a3 d5 6.cxd5 Nxd5 7.Bd2 Nd7 8.e3 Be7
9.Nxd5 Bxd5 10.Bd3 O-O 11.O-O c5 12.Rc1 Rc8 13.Bc3 Bf6 14.Qe2 cxd4 15.Nxd4 Nc5
16.Bc2 Qd7 17.Rfd1 Na4 18.Bb4 Nxb2 19.Bxh7+ Kxh7 20.Qxb2 Rfd8 21.f3 Qa4 22.Qb1+ Kg8
23.Rxc8 Rxc8 24.Rc1 Rc4 25.Rxc4 Bxc4 26.Qc1 b5 27.Nc6 Qa6 28.Ne7+ Kh8 29.Qd2 Qb6
30.Nc8 Qc7 31.Nd6 Kg8 32.f4 a6 33.Ne8 Qd8 34.Nxf6+ Qxf6 35.h3 Bd5 36.Qc2 Qa1+
37.Kh2 Qf1 38.Kg3 f6 39.e4 Bc4 40.Qd2 Bd3 41.Qe3 Qb1 42.e5 f5 43.Qd2 Kh7
44.Kh2 Be4 45.Qf2 Kg8 46.Qh4 Qd1 47.Qg5 Qd7 48.h4 Qc7 49.h5 a5 50.Bd6 Qf7
51.h6 Kh7 52.hxg7 Qxg7 53.Qh4+ Qh6 54.Qxh6+ Kxh6 55.Kg3 Kh5 56.Kf2 Kg4 57.g3 Kh3
58.Bc5 Bd5 59.Bb6 b4 60.axb4 axb4 61.Bc5 b3 62.Bd4 Kg4 63.Bb2 Be4  1/2-1/2

[Event "Groningen PCA"]
[Site "Groningen"]
[Date "1993.??.??"]
[Round "4"]
[White "Ljubojevic, Ljubomir"]
[Black "Polugaevsky, Lev"]
[Result "1-0"]
[WhiteElo "2595"]
[BlackElo "2605"]

1.Nf3 c5 2.c4 Nc6 3.Nc3 Nf6 4.g3 d5 5.cxd5 Nxd5 6.Bg2 g6 7.Qb3 Ndb4 8.a3 Na6
9.Ng5 e6 10.Bxc6+ bxc6 11.d3 Bg7 12.O-O O-O 13.Nf3 e5 14.Qc4 Qb6 15.Qh4 f6
16.Qc4+ Kh8 17.Be3 Re8 18.Na4 Qb7 19.Rab1 Be6 20.Nxc5 Nxc5 21.Qxc5 Ba2 22.Rbc1 Bd5
23.b4 f5 24.Bd2 Qd7 25.Ne1 e4 26.Bc3 f4 27.Bxg7+ Kxg7 28.Ng2 g5 29.Qd4+ Kf7
30.gxf4 gxf4 31.f3 exf3 32.Qxf4+ Kg8 33.exf3 Re6 34.Qg4+ Kf7 35.Kh1 Rg8 36.Qf5+ Kg7
37.Ne3 Kh8 38.Rg1 Rxg1+ 39.Rxg1  1-0

[Event "Groningen PCA"]
[Site "Groningen"]
[Date "1993.??.??"]
[Round "7"]
[White "Romanishin, Oleg M"]
[Black "Ljubojevic, Ljubomir"]
[Result "1-0"]
[WhiteElo "2615"]
[BlackElo "2595"]

1.d4 d5 2.c4 c6 3.Nf3 Nf6 4.Nc3 e6 5.Qd3 Na6 6.a3 c5 7.e3 cxd4 8.exd4 dxc4
9.Qxc4 Nc7 10.Bd3 a6 11.Ne5 Be7 12.O-O O-O 13.Bc2 Bd7 14.Qd3 Bb5 15.Nxb5 Nxb5
16.Be3 Rc8 17.Rad1 g6 18.Bb3 Re8 19.Rfe1 Nd6 20.Bh6 Qb6 21.Bg5 Nfe4 22.Bf4 Nc3
23.Nxg6 hxg6 24.Bxe6 Nf5 25.Bxc8 Nxd1 26.Bxf5 Nxb2 27.Qg3 Qf6 28.Bb1 Rd8
29.Be5 Qh4 30.Qb3  1-0